| 000 | 00489nam a22001937a 4500 | ||
|---|---|---|---|
| 003 | CO-ViMGA | ||
| 005 | 20230915225012.0 | ||
| 008 | 150611b xxu||||| |||| 00| 0 eng d | ||
| 020 | _a9789584544698 | ||
| 040 |
_aCO-ViMGA _bspa _cCO-ViMGA |
||
| 090 | _bC SCH20 | ||
| 100 | 1 | _4SCHARER KATHRIN | |
| 245 | 1 | 0 | _aEL RATÓN DE LA CIUDAD Y EL RATÓN DEL CAMPO |
| 260 |
_aBOGOTA _bNORMA _c2013 |
||
| 300 | _a[30]PAGINAS | ||
| 650 | 1 | 4 | _2CUENTO INFANTIL |
| 700 | 1 | _4PATMOS VERLAG | |
| 942 |
_2ddc _cBK |
||
| 999 |
_c11 _d11 |
||